North Carolina City Skylines - Statistics

General Stats
  • This quiz has been taken 379 times
  • The average score is 6 of 8
Answer Stats
Picture Answer % Correct
Charlotte
98%
Raleigh
84%
Winston-Salem
82%
Wilmington
80%
Greensboro
76%
Durham
75%
Asheville
74%
Chapel Hill
41%
No matching quizzes found
Score Distribution
Percent of People with Each Score
Percentile by Number Answered
Your Score History
You have not taken this quiz